[Event "EU-chT (Men) 11th"]
[Site "Pula"]
[Date "1997.05.??"]
[Round "9.2"]
[White "Vaganian, Rafael A"]
[Black "Kozul, Zdenko"]
[Result "1-0"]
[WhiteElo "2585"]
[BlackElo "2590"]
[Annotator "Huzman,A"]
[PlyCount "81"]
[EventDate "1997.05.05"]
[EventType "team-swiss"]
[EventRounds "9"]
[EventCountry "CRO"]
[SourceTitle "CBM 057 Extra"]
[Source "ChessBase"]
[SourceDate "1997.05.01"]
[SourceVersion "1"]
[SourceVersionDate "1997.05.01"]
[SourceQuality "1"]
[WhiteTeam "Armenia"]
[BlackTeam "Croatia"]
[WhiteTeamCountry "ARM"]
[BlackTeamCountry "CRO"]

1. d4 {Dautov} Nf6 2. c4 g6 3. g3 Bg7 4. Bg2 O-O 5. Nc3 d6 6. Nf3 c6 7. O-O Qa5
8. e4 Bg4 9. h3 Bxf3 10. Bxf3 Nfd7 11. Rb1 $1 (11. Be3 Qb4) 11... c5 12. d5 $1
Bxc3 13. bxc3 Qxa2 14. Bh6 $44 Re8 15. Be2 Nf6 16. Qd3 {[%cal Yb1a1,Yf1b1]} (
16. Bd3 $5 {[%cal Yf2f4,Ye4e5]}) (16. Bd3 {Dautov} Qa6 17. f4 Nbd7 18. Qe2 Kh8
$1 $13 {/\Ng8}) 16... Qa5 17. g4 $1 (17. Rxb7 Nbd7 18. f4 Rab8 $132 (18... Rab8
{Dautov} 19. Rfb1 Rxb7 20. Rxb7 Qa6 21. Rb1 Kh8 $14)) 17... Qc7 (17... Nbd7 18.
g5 $16 (18. g5 {Dautov} Ne5 19. Qe3 Nfd7 20. f4 $18)) 18. Kg2 (18. g5 $5 {
Dautov} Nfd7 19. f4 $36) 18... Kh8 {[%cal Gf6g8]} 19. Bd2 {[%cal Yg4g5,Yh3h5,
Yf1h1]} Rf8 (19... Nbd7 {Dautov} 20. g5 Nh5 21. f4 $36) 20. g5 Nh5 21. f4 Nd7
22. h4 (22. Bxh5 {Dautov} gxh5 23. Qe2 f6 $132) 22... Rae8 (22... e5 {Dautov}
23. Bxh5 gxh5 24. f5 Rg8 25. Kh2 $16 {/\Qe2}) (22... e6 {Dautov} 23. Rbe1) 23.
Bg4 {[%cal Yd3f3]} e6 24. Rbe1 Ng7 25. Rh1 {[%cal Yh4h5]} (25. h5 $1 {Dautov >=
} gxh5 26. Rh1 $3 hxg4 27. Rh6 Rg8 (27... f5 28. Reh1 Kg8 29. Rxh7 Kf7 30. exf5
$18) 28. Reh1 Nf8 29. Qg3 $18) 25... h5 (25... f5 $2 {Dautov} 26. h5 $1 fxg4
27. hxg6 Kg8 28. Rxh7 $18) 26. gxh6 Nh5 {/\Ndf6} 27. e5 $1 dxe5 (27... exd5 $1
28. cxd5 (28. Qxd5 dxe5 (28... dxe5 {Dautov} 29. Qxd7 Qxd7 30. Bxd7 Rd8 $17))
28... dxe5 29. d6 (29. c4 $5 Nxf4+ 30. Bxf4 exf4 31. Rxe8 Rxe8 32. Bxd7 Qxd7
33. Qc3+ f6 34. Qxf6+ Kh7 $15) (29. Bxh5 {Dautov} gxh5 30. c4 Rg8+ 31. Kf2 Rg4
$13) 29... Qd8 $13) 28. d6 e4 (28... Qc6+ $2 {Dautov} 29. Bf3 Qc8 30. fxe5 $18)
29. dxc7 exd3 30. f5 $1 Ndf6 (30... exf5 31. Bxh5 (31. Bf3 $2 Nb6) 31... gxh5
32. Rxe8 (32. Bf4 $2 Re4 33. Kf3 Rfe8 $13) 32... Rxe8 33. Re1 (33. Rd1 $1 {
Dautov} Nf8 (33... Nb6 34. Bf4 $16) (33... Ne5 34. Bg5 $16) 34. Bg5 $1 Ne6 (
34... Rc8 35. Rxd3 Rxc7 36. Rd8 $18) 35. Bd8 Nxc7 36. Bxc7 $16) (33. Bf4 Nf8 $1
34. Rd1 Ne6 35. Be5+ Kh7 $17) (33. Bg5 f6 34. Rd1 Rc8 $1 35. Bf4 Ne5 $19) (33.
Rh3 Ne5 34. Bg5 (34. Bf4 Ng6 35. Bg5 Rc8 $17) 34... d2 $1 35. Bxd2 Rc8 36. Bg5
Kh7 37. Bd8 Kxh6 $19) 33... Rg8+ 34. Kf2 $18 {[%cal Ye1e7]}) 31. Bxh5 Nxh5 32.
fxg6 fxg6 33. Rhf1 $18 Rxf1 34. Rxf1 {/\Rf7-d7} Kg8 35. Bg5 $1 {[%cal Yg5d8]}
Rc8 36. h7+ $1 Kg7 37. h8=Q+ Kxh8 38. Rf7 d2 39. Bxd2 Ng7 40. Rd7 Ne8 41. Bf4
1-0

[Event "NED-chT sf2"]
[Site "Breda"]
[Date "1997.??.??"]
[Round "1"]
[White "Tjiam, Dharma"]
[Black "Vaganian, Rafael A"]
[Result "0-1"]
[WhiteElo "2315"]
[BlackElo "2585"]
[PlyCount "120"]
[EventDate "1997.05.30"]
[EventType "team"]
[EventRounds "1"]
[EventCountry "NED"]
[SourceTitle "CBM 058 Extra"]
[Source "ChessBase"]
[SourceDate "1997.07.29"]
[SourceVersion "1"]
[SourceVersionDate "1997.07.29"]
[SourceQuality "1"]
[WhiteTeam "SMB"]
[BlackTeam "Panfox"]
[WhiteTeamCountry "NED"]
[BlackTeamCountry "NED"]

1. d4 d5 2. c4 e6 3. Nc3 Be7 4. Bf4 Nf6 5. e3 O-O 6. Nf3 c5 7. dxc5 Bxc5 8. Bd3
Nc6 9. O-O Qe7 10. cxd5 exd5 11. Bg5 Rd8 12. Rc1 h6 13. Bh4 a6 14. Re1 g5 15.
Bg3 Ne4 16. Nd2 Bb4 17. Bb1 Bf5 18. Ndxe4 dxe4 19. Qb3 Na5 20. Qc2 Rac8 21.
Red1 Bxc3 22. bxc3 Nc4 23. Qe2 Qa3 24. h4 Kg7 25. Rc2 Rd3 26. Rcc1 Rdd8 27. Kh2
b5 28. Qe1 Qe7 29. hxg5 hxg5 30. Rxd8 Rxd8 31. Rd1 Rh8+ 32. Kg1 Qe6 33. f3 exf3
34. e4 fxg2 35. Kxg2 Bh3+ 36. Kg1 Ne5 37. Qe3 Qf6 38. Bxe5 Qxe5 39. Rd5 Qf6 40.
Qxg5+ Qxg5+ 41. Rxg5+ Kf6 42. Rd5 Be6 43. e5+ Kg5 44. Rd6 Kf4 45. Bd3 Rh3 46.
Kg2 Rh5 47. Be2 Rxe5 48. Kf2 a5 49. Rb6 Re3 50. Bxb5 Rxc3 51. a4 Rc2+ 52. Ke1
Ke3 53. Rd6 Rc1+ 54. Rd1 Rxd1+ 55. Kxd1 f5 56. Bc6 f4 57. Kc2 Bf5+ 58. Kc3 Be4
59. Bb5 f3 60. Bf1 f2 0-1

[Event "NED-chT"]
[Site "Netherlands"]
[Date "1998.??.??"]
[Round "?"]
[White "Glek, Igor Vladimirovich"]
[Black "Vaganian, Rafael A"]
[Result "0-1"]
[WhiteElo "2565"]
[BlackElo "2630"]
[PlyCount "88"]
[EventDate "1998.??.??"]
[EventType "team"]
[EventRounds "9"]
[EventCountry "NED"]
[SourceTitle "EXT 2007"]
[Source "ChessBase"]
[SourceDate "2006.11.23"]
[SourceVersion "1"]
[SourceVersionDate "2006.11.23"]
[SourceQuality "1"]

1. e4 e6 2. d4 d5 3. Nc3 Bb4 4. exd5 exd5 5. Bd3 Nf6 6. Bg5 O-O 7. Nge2 h6 8.
Bh4 c6 9. O-O Re8 10. h3 Nbd7 11. a3 Bf8 12. Re1 Nb6 13. b3 Bd7 14. Bg3 Ne4 15.
Be5 f6 16. Bh2 f5 17. f3 Nxc3 18. Nxc3 Qh4 19. Ne2 c5 20. Bg3 Qf6 21. c3 f4 22.
Nxf4 cxd4 23. Rxe8 Rxe8 24. cxd4 Bd6 25. Nh5 Qxd4+ 26. Kh1 Be5 27. Rc1 Qe3 28.
f4 Bd6 29. Rc2 Rc8 30. Bf2 Qe8 31. Bd4 Bf8 32. f5 Rxc2 33. Bxc2 Bb5 34. Nf4 Nd7
35. Ne6 Qf7 36. a4 Bc6 37. b4 a6 38. Qd3 Nf6 39. Nd8 Qe7 40. Nxc6 bxc6 41. Bxf6
Qe1+ 42. Kh2 Bd6+ 43. g3 Qf2+ 44. Kh1 Bxg3 0-1

[Event "GER CupT sf2"]
[Site "Walldorf"]
[Date "1998.??.??"]
[Round "?.3"]
[White "Schmidt Schaeffer, Sebastian"]
[Black "Vaganian, Rafael A"]
[Result "0-1"]
[WhiteElo "2360"]
[BlackElo "2630"]
[PlyCount "80"]
[EventDate "1998.03.??"]
[EventType "team"]
[EventRounds "1"]
[EventCountry "GER"]
[SourceTitle "EXT 1999"]
[Source "ChessBase"]
[SourceDate "1998.11.16"]
[SourceVersion "1"]
[SourceVersionDate "1998.11.16"]
[SourceQuality "1"]
[WhiteTeam "Baiertal"]
[BlackTeam "Porz"]
[WhiteTeamCountry "GER"]
[BlackTeamCountry "GER"]

1. e4 e6 2. d4 d5 3. Nc3 Bb4 4. e5 c5 5. a3 Ba5 6. b4 cxd4 7. Qg4 Ne7 8. Nb5
Bc7 9. Qxg7 Rg8 10. Qxh7 a6 11. Nxc7+ Qxc7 12. Ne2 Qxe5 13. Bb2 Qf6 14. f4 Nbc6
15. Qd3 Nf5 16. O-O-O Qh6 17. Qd2 Ne3 18. Nxd4 Nxd1 19. Kxd1 Bd7 20. Qe3 Rc8
21. g3 Nxd4 22. Bxd4 Bb5 23. Bxb5+ axb5 24. Kc1 Qh7 25. Qe2 Qe4 26. Qxe4 dxe4
27. h4 Rxg3 28. h5 Rg2 29. c3 f6 30. h6 Kf7 31. h7 Rh8 32. Rh6 Rg6 33. Rh5 Rg7
34. Rxb5 Kg6 35. Rb6 Kf5 36. Rb5+ Kxf4 37. Bxf6 Rg1+ 38. Kb2 Rxh7 39. Kb3 e3
40. Be5+ Kf3 0-1

[Event "Bundesliga 9899"]
[Site "Germany"]
[Date "1998.10.17"]
[Round "1.4"]
[White "Vaganian, Rafael A"]
[Black "Gallagher, Joseph G"]
[Result "1-0"]
[WhiteElo "2630"]
[BlackElo "2490"]
[PlyCount "234"]
[EventDate "1998.10.17"]
[EventType "team-tourn"]
[EventRounds "15"]
[EventCountry "GER"]
[SourceTitle "GER-chT"]
[Source "ChessBase"]
[SourceDate "1999.07.01"]
[SourceVersion "1"]
[SourceVersionDate "1999.07.01"]
[SourceQuality "1"]
[WhiteTeam "Porz"]
[BlackTeam "Castrop Rauxel"]
[WhiteTeamCountry "GER"]
[BlackTeamCountry "GER"]

1. Nf3 Nf6 2. c4 g6 3. g3 Bg7 4. Bg2 O-O 5. O-O d6 6. d4 Nbd7 7. Nc3 e5 8. h3
a6 9. dxe5 dxe5 10. Be3 Qe7 11. Qc1 c6 12. Rd1 Nh5 13. g4 Nf4 14. Bxf4 exf4 15.
Qxf4 Nc5 16. e4 Be6 17. e5 f6 18. exf6 Bxf6 19. Qe3 Bxc4 20. Qxe7 Bxe7 21. Ne5
Be6 22. b4 Bf6 23. f4 Nd7 24. Nxd7 Bxc3 25. Nxf8 Rxf8 26. Rac1 Bxb4 27. Rd4 c5
28. Rd6 Bxa2 29. Bxb7 Rxf4 30. Rxa6 Bf7 31. Rd6 c4 32. Rd7 c3 33. Kg2 Be6 34.
Bd5 Bxd5+ 35. Rxd5 Rc4 36. Rc2 Rc7 37. Rd3 Kg7 38. Kf3 Re7 39. Rd4 Ba3 40. Re4
Rc7 41. Ke2 Be7 42. Kd3 Bf6 43. Rf2 Rd7+ 44. Kc2 Rb7 45. Ree2 Bd4 46. Rf1 Bf6
47. Rf4 Rb2+ 48. Kd3 Rb5 49. Ref2 Rb6 50. Rc4 Rd6+ 51. Kc2 Rd7 52. Rc6 Bd4 53.
Rf3 Be5 54. Rf2 Rb7 55. Re2 Bf6 56. Rd6 Ra7 57. Rd5 Kh6 58. Rd6 Kg7 59. Kd3 Rc7
60. Rd5 Kh6 61. Rf2 Bh4 62. Rf1 Bg5 63. Kc2 Bd2 64. Rf6 Re7 65. Rc6 Be1 66.
Rh5+ Kg7 67. Rhc5 Rf7 68. Rc7 h6 69. Rxf7+ Kxf7 70. Rc6 Bd2 71. Kd3 h5 72. gxh5
gxh5 73. Ke4 Ke7 74. Ke5 Kd7 75. Rc4 Ke7 76. Kf5 Kd6 77. Ke4 Ke6 78. Rc6+ Kd7
79. Kd5 Ke7 80. Rc5 Kf6 81. Ke4 Kg6 82. Kf3 Kf6 83. Ke2 Kg6 84. Kd3 Kh6 85. Rf5
Kg6 86. Rd5 Kh6 87. Rc5 h4 $2 88. Ke4 Kg6 89. Ke5 Kg5 90. Rc4 Kg6 91. Rc8 Kf7
92. Kf5 Ke7 93. Rc4 Kd6 94. Ke4 Be1 95. Kd3 Bd2 96. Rxh4 Ke5 97. Rc4 Kf5 98.
Ke2 Kg5 99. Kf3 Kh5 100. Rc8 Kg5 101. Rg8+ Kh4 102. Rh8+ Kg5 103. h4+ Kg6 104.
Rc8 Kh5 105. Kg3 Be1+ 106. Kh3 Bd2 107. Rc5+ Kg6 108. Kg4 Kf6 109. h5 Kg7 110.
Rc7+ Kh6 111. Rc6+ Kh7 112. Kf5 Be1 113. Rc4 Bd2 114. Rc8 Be1 115. Kf6 Bd2 116.
h6 Bxh6 117. Rc7+ Kh8 $138 (117... Kh8 118. Kg6 $18) 1-0

[Event "Bundesliga 9899"]
[Site "Germany"]
[Date "1999.04.18"]
[Round "15.5"]
[White "Vaganian, Rafael A"]
[Black "Piket, Jeroen"]
[Result "1-0"]
[WhiteElo "2605"]
[BlackElo "2609"]
[Annotator "Knaak,R"]
[PlyCount "75"]
[EventDate "1998.10.17"]
[EventType "team-tourn"]
[EventRounds "15"]
[EventCountry "GER"]
[SourceTitle "GER-chT"]
[Source "ChessBase"]
[SourceDate "1999.07.01"]
[SourceVersion "1"]
[SourceVersionDate "1999.07.01"]
[SourceQuality "1"]
[WhiteTeam "Porz"]
[BlackTeam "Solingen"]
[WhiteTeamCountry "GER"]
[BlackTeamCountry "GER"]

1. Nf3 Nf6 2. g3 c5 3. c4 b6 4. Bg2 Bb7 5. O-O g6 6. b3 Bg7 7. Bb2 O-O 8. Nc3
Na6 9. Rc1 d5 10. Nxd5 Nxd5 11. Bxg7 Kxg7 12. cxd5 Bxd5 $2 ({Das Endspiel nach
} 12... Qxd5 13. d4 cxd4 14. Qxd4+ Qxd4 15. Nxd4 Bxg2 16. Kxg2 {gilt als
angenehm für Weiß, aber letztlich gehen die Partien doch immer remis aus.}) 13.
d4 Rc8 14. dxc5 Bxf3 ({Die Alternative} 14... Rxc5 15. Rxc5 Nxc5 16. Qd4+ f6 (
16... Kg8 17. Rd1 e6 18. Ne5) 17. Rd1 e6 $14 {sieht zumindest optisch sehr gut
aus für Weiß.}) 15. Bxf3 Nxc5 16. b4 Qxd1 ({Nach} 16... Ne6 17. Qa4 Rc7 18. e3
{ist die weiße Stellung vorzuziehen.}) 17. Rcxd1 $3 ({Piket hatte wohl auf} 17.
Rfxd1 Ne6 18. Rxc8 Rxc8 19. Rd7 Rc7 20. Rxc7 Nxc7 {gehofft.}) 17... Na4 ({
Nun gewinnt Weiß nach} 17... Ne6 18. Rd7 Rc7 19. Rxc7 Nxc7 20. Rd1 {nebst Td7
Material.}) 18. Rd7 e5 19. Rxa7 Nc3 {Im Moment ist die Koordination zwischen
den weißen Figuren nicht perfekt, deshalb ist der Mehrbauer noch nicht
entscheidend.} 20. e3 e4 $2 {[#] Piket unterschätzte wohl den folgenden Zug.
Der Bauer e4 erweist sich bald als zusätzliche Schwäche.} ({Nach} 20... Rfd8
$14 21. a4 (21. Kg2 e4 22. Bg4 Ra8 23. Rb7 Rd6 24. Rc1) 21... e4 (21... Rc4 22.
a5 Rxb4 23. a6 Ra4) 22. Bg4 Ra8 23. Rxa8 Rxa8 24. Bd7) 21. Bd1 $1 {Das
Doppelturmendspiel nach 21...Sxd1 22.Txd1 bietet Schwarz kaum Chancen. Weiß
hat nicht nur einen Bauern mehr, Schwarz muß sich auch mit dem schwachen e4
plagen.} Nd5 (21... Ra8 22. Rxa8 Rxa8 23. Bb3 Nxa2 24. Ra1) 22. Bb3 Nxb4 23.
Ra4 Nd3 24. Rxe4 {Jetzt ist der Mehrbauer gesund - Weiß steht auf Gewinn.} Nc5
25. Rb4 Rc6 (25... Nxb3 26. axb3 {hätte Weiß sogar Gewinnchancen ohne den
Mehrbauern auf der anderen Seite - einfach deshalb, weil der Tb4 zugleich
angreift und verteidigt.}) 26. Rd1 Re8 27. Kg2 Re7 28. Rd8 h5 29. h4 Rf6 30.
Rf4 Rxf4 31. gxf4 Re4 32. Bd5 Rb4 33. Rc8 f5 34. Rc7+ Kh8 35. Bf7 Rb2 36. Bxg6
Ne4 37. Bxf5 Nxf2 38. Rc2 1-0

[Event "BEL-chT 9900"]
[Site "Antwerp"]
[Date "1999.10.??"]
[Round "2"]
[White "Vaganian, Rafael A"]
[Black "Hausrath, Daniel"]
[Result "1-0"]
[WhiteElo "2617"]
[BlackElo "2413"]
[PlyCount "191"]
[EventDate "1999.10.08"]
[EventType "team"]
[EventRounds "11"]
[EventCountry "BEL"]
[SourceTitle "CBM 073 Extra"]
[Source "ChessBase"]
[SourceDate "2000.01.11"]
[SourceVersion "1"]
[SourceVersionDate "2000.01.11"]
[SourceQuality "1"]

1. Nf3 c5 2. c4 Nc6 3. Nc3 g6 4. e3 d6 5. d4 cxd4 6. exd4 Bg4 7. Be2 Bg7 8. d5
Bxf3 9. Bxf3 Ne5 10. Be2 Nf6 11. O-O O-O 12. b3 Ned7 13. Be3 a6 14. a4 a5 15.
Qc2 Nc5 16. Rfe1 Nfd7 17. Bf1 Na6 18. Rab1 Ndc5 19. Qd2 Re8 20. h4 Qd7 21. g3
Qf5 22. Nb5 Ne4 23. Qxa5 Nac5 24. Qb4 Bh6 25. Rb2 Bg7 26. Ra2 Rac8 27. Qa3 Qg4
28. Bf4 Nc3 29. Rc2 Nxb5 30. cxb5 Qf3 31. Re3 Qxd5 32. b4 Ne6 33. Rd3 Qe4 34.
Re2 Qf5 35. Be3 Rc4 36. Bg2 Rxb4 37. Qxb4 Qxd3 38. Rd2 Qc3 39. Qxc3 Bxc3 40.
Rc2 Ba5 41. Bxb7 Nc5 42. Bc6 Rd8 43. Kf1 Kg7 44. Rc4 Bb6 45. h5 gxh5 46. Ke2
Rc8 47. Bf3 Rc7 48. Bxh5 f5 49. Rf4 e5 50. Bxc5 Bxc5 51. Rxf5 Ra7 52. Be8 Rxa4
53. Kd3 Ra8 54. Bc6 Kg6 55. g4 Ra3+ 56. Ke2 Ra2+ 57. Kf1 h6 58. f3 Kg7 59. Ke1
Rb2 60. Kd1 Be3 61. Be8 Rf2 62. Ke1 Bc5 63. Kd1 Be3 64. Rf7+ Kg8 65. Rb7 Rb2
66. Bc6 Kf8 67. Rd7 Bc5 68. Kc1 Ba3 69. Kd1 Bc5 70. Rh7 Be3 71. Rb7 Bc5 72. Rd7
Kg8 73. Re7 Kf8 74. Re6 Kg7 75. Ke1 Rh2 76. Be4 Rb2 77. Bd3 Bb4+ 78. Kf1 Bc5
79. Rg6+ Kf7 80. Rxh6 Rf2+ 81. Ke1 Rxf3 82. Be2 Rf4 83. g5 Kg7 84. Re6 Rf5 85.
Re7+ Kf8 86. Rb7 Rxg5 87. b6 Rg1+ 88. Bf1 Bb4+ 89. Ke2 Bc5 90. Rb8+ Kg7 91. b7
Rg4 92. Ra8 Re4+ 93. Kd1 Rb4 94. b8=Q Rxb8 95. Rxb8 Kf6 96. Bg2 1-0

[Event "Groningen op"]
[Site "Groningen"]
[Date "1999.12.26"]
[Round "7"]
[White "Dean, Jim H"]
[Black "Vaganian, Rafael A"]
[Result "0-1"]
[WhiteElo "2310"]
[BlackElo "2617"]
[PlyCount "90"]
[EventDate "1999.12.19"]
[EventType "swiss"]
[EventRounds "11"]
[EventCountry "NED"]
[SourceTitle "CBM 073 Extra"]
[Source "ChessBase"]
[SourceDate "2000.01.11"]
[SourceVersion "1"]
[SourceVersionDate "2000.01.11"]
[SourceQuality "1"]

1. e4 e6 2. d4 d5 3. Nc3 Bb4 4. e5 c5 5. Bd2 Ne7 6. Nb5 Bxd2+ 7. Qxd2 O-O 8. f4
Nbc6 9. Nf3 a6 10. Nd6 Nxd4 11. Nxd4 cxd4 12. Bd3 Qb6 13. O-O Bd7 14. Qf2 f5
15. Kh1 Nc8 16. Nxc8 Raxc8 17. c3 Bb5 18. Rfd1 Bxd3 19. Rxd3 Rc4 20. b3 Rc6 21.
Qxd4 Qxd4 22. Rxd4 Rxc3 23. Rb4 b5 24. a4 Rfc8 25. Kg1 bxa4 26. Rbxa4 Rxb3 27.
Rxa6 Kf7 28. Ra7+ Kg6 29. R7a6 Re8 30. Rd6 Re7 31. Ra5 Kh5 32. h3 g5 33. Raa6
g4 34. Rxe6 Rxe6 35. Rxe6 g3 36. Kf1 Rb4 37. Ke2 Rxf4 38. Ke3 Rf2 39. Rf6 Kg5
40. Rf8 f4+ 41. Kd4 Rxg2 42. Kxd5 Rd2+ 43. Ke4 Re2+ 44. Kd5 g2 45. e6 Kh4 0-1

[Event "Deizisau op"]
[Site "Deizisau"]
[Date "2000.??.??"]
[Round "3"]
[White "Vaganian, Rafael A"]
[Black "Farago, Ivan"]
[Result "1-0"]
[WhiteElo "2618"]
[BlackElo "2467"]
[PlyCount "129"]
[EventDate "2000.??.??"]
[EventType "swiss"]
[EventRounds "9"]
[EventCountry "GER"]
[SourceTitle "EXT 2001"]
[Source "ChessBase"]
[SourceDate "2000.11.22"]
[SourceVersion "1"]
[SourceVersionDate "2000.11.22"]
[SourceQuality "1"]

1. Nf3 d5 2. d4 Nf6 3. c4 e6 4. Nc3 Bb4 5. Bg5 h6 6. Bxf6 Qxf6 7. Qb3 c5 8.
cxd5 exd5 9. a3 cxd4 10. axb4 dxc3 11. Qxc3 Qxc3+ 12. bxc3 Be6 13. e3 Ke7 14.
Bb5 Rc8 15. Kd2 Bd7 16. Ra5 Rc7 17. Nd4 b6 18. Ra3 Bxb5 19. Nxb5 Rb7 20. Rha1
Nc6 21. Ra6 Kd7 22. Kc2 Ke6 23. Kb3 Ke7 24. g4 Kd7 25. h3 Ke7 26. f4 Ke6 27.
Kc2 Ke7 28. Kd3 Kd7 29. Ke2 Ke7 30. Kf3 Ke6 31. h4 Ke7 32. g5 hxg5 33. hxg5 g6
34. Kg4 Ke6 35. Kf3 Ke7 36. f5 gxf5 37. Kf4 Ke6 38. Nd4+ Nxd4 39. exd4 Rh8 40.
Rxa7 Rxa7 41. Rxa7 Rh4+ 42. Kg3 Rg4+ 43. Kf3 Rh4 44. Ra8 Rh3+ 45. Kf4 Rh4+ 46.
Kg3 Rg4+ 47. Kf3 Kd6 48. b5 Rxg5 49. Rd8+ Ke7 50. Rxd5 f6 51. Kf4 Rg2 52. Rxf5
Rc2 53. Ke4 Rxc3 54. Kd5 Rc7 55. Rf4 Rc8 56. Re4+ Kd7 57. Rh4 Rd8 58. Rh7+ Kc8+
59. Kc6 Rf8 60. d5 f5 61. d6 f4 62. Rc7+ Kb8 63. Rb7+ Ka8 64. d7 f3 65. Rxb6
1-0

[Event "Deizisau op"]
[Site "Deizisau"]
[Date "2000.??.??"]
[Round "8"]
[White "Zeller, Frank"]
[Black "Vaganian, Rafael A"]
[Result "0-1"]
[WhiteElo "2451"]
[BlackElo "2618"]
[PlyCount "47"]
[EventDate "2000.??.??"]
[EventType "swiss"]
[EventRounds "9"]
[EventCountry "GER"]
[SourceTitle "EXT 2001"]
[Source "ChessBase"]
[SourceDate "2000.11.22"]
[SourceVersion "1"]
[SourceVersionDate "2000.11.22"]
[SourceQuality "1"]

1. Nf3 d5 2. b3 Bg4 3. e3 Nd7 4. Bb2 Ngf6 5. h3 Bh5 6. g4 Bg6 7. Nh4 e6 8. Nxg6
hxg6 9. Bg2 Bd6 10. d3 Qe7 11. a3 g5 12. Nd2 Ne5 13. Nf3 Nfd7 14. O-O c6 15. c4
Rd8 16. cxd5 cxd5 17. Ra2 Rc8 18. Nxe5 Bxe5 19. Bxe5 Nxe5 20. f4 Ng6 21. Qa1
Qc5 22. f5 Qxe3+ 23. Raf2 Nf4 24. fxe6 0-1

[Event "Dordrecht blitz"]
[Site "Dordrecht"]
[Date "2000.02.12"]
[Round "13.1"]
[White "Van Wely, Loek"]
[Black "Vaganian, Rafael A"]
[Result "0-1"]
[WhiteElo "2646"]
[BlackElo "2618"]
[PlyCount "47"]
[EventDate "2000.02.12"]
[EventType "swiss (blitz)"]
[EventRounds "34"]
[EventCountry "NED"]
[SourceTitle "EXT 2001"]
[Source "ChessBase"]
[SourceDate "2000.11.22"]
[SourceVersion "1"]
[SourceVersionDate "2000.11.22"]
[SourceQuality "1"]

1. Nf3 Nf6 2. c4 c6 3. Nc3 d5 4. d4 dxc4 5. a4 Bf5 6. e3 e6 7. Bxc4 Bb4 8. O-O
Nbd7 9. Qe2 Bg6 10. e4 O-O 11. Bd3 Bh5 12. e5 Nd5 13. Ne4 Be7 14. Ng3 Bg6 15.
Bxg6 hxg6 16. Ne4 Rc8 17. Bg5 c5 18. Bxe7 Qxe7 19. Nd6 Rb8 20. Qe4 f5 21. Qe1
g5 22. dxc5 Nxc5 23. Qc1 Nb3 24. Qxg5 {...} 0-1

[Event "NED-chT 9900 playoff"]
[Site "Breda"]
[Date "2000.06.02"]
[Round "2.7"]
[White "Vaganian, Rafael A"]
[Black "Douven, Rudy C"]
[Result "1-0"]
[WhiteElo "2618"]
[BlackElo "2389"]
[PlyCount "75"]
[EventDate "2000.06.01"]
[EventType "team-k.o."]
[EventRounds "2"]
[EventCountry "NED"]
[SourceTitle "CBM 076 Extra"]
[Source "ChessBase"]
[SourceDate "2000.07.11"]
[SourceVersion "1"]
[SourceVersionDate "2000.07.11"]
[SourceQuality "1"]
[WhiteTeam "Breda Panfox"]
[BlackTeam "Hilversum HSG"]
[WhiteTeamCountry "NED"]
[BlackTeamCountry "NED"]

1. Nf3 Nf6 2. c4 e6 3. g3 b6 4. Bg2 Bb7 5. O-O Be7 6. Nc3 O-O 7. Re1 d5 8. cxd5
exd5 9. d4 Re8 10. Bf4 Na6 11. Ne5 c5 12. dxc5 Nxc5 13. Nd3 Ne6 14. Rc1 Ne4 15.
Nb5 Nxf4 16. Nxf4 Bc5 17. e3 Qd7 18. Nc3 Rad8 19. Qc2 Nxc3 20. bxc3 Bc6 21. Qb1
g5 22. Nh5 Qe6 23. c4 Qh6 24. g4 d4 25. Bxc6 Qxc6 26. e4 d3 27. Rcd1 Qd6 28.
Rd2 Re6 29. h3 Qd4 30. Re3 Qxc4 31. Rexd3 Rxd3 32. Rxd3 Kf8 33. Qd1 Be7 34.
Rd8+ Bxd8 35. Qxd8+ Re8 36. Qd6+ Re7 37. Qh6+ Ke8 38. Nf6+ 1-0